| 000 | 01371nam a2200385 a 4500 | ||
|---|---|---|---|
| 008 | 951212s1976||||[C 0 slo c | ||
| 020 |
_c110 Kčs. _q(20000 výtl.) |
||
| 040 |
_aSNK _bslo _cSNK _eAACR2 |
||
| 041 | 1 |
_aslo _hslo |
|
| 044 |
_axo _cSK |
||
| 080 | _a728.81/82(437.6):779 | ||
| 080 | _a779 | ||
| 080 | _a779 | ||
| 080 | _a728.81/.82(437.6) | ||
| 100 | 1 |
_aHajduch, Ján _4aut |
|
| 245 | 1 | 0 |
_aSlovenské hrady _cJán Hajduch, Peter Hajduch ; Vladimír Wagner, Ladislav Hruškovič, Robert Brož, Ladislav Demeš, Dionýz Dugas, Ján Halaša, Alexander Jiroušek, Štefan Marton, Štefan Pisoň, Ladislav Rozman, Jan Sekal, František Šlachta, Eugen Vasiliak, Ján Hajduch, Peter Hajduch |
| 260 |
_aMartin _bOsveta _c1976 _eMartin _fTlačiarne SNP |
||
| 700 | 1 |
_aHajduch, Peter _4aut |
|
| 700 | 1 |
_aWagner, Vladimír _4[ADC] |
|
| 700 | 1 |
_aHruškovič, Ladislav _4bkd |
|
| 700 | 1 |
_aBrož, Robert _4bkd |
|
| 700 | 1 |
_aDemeš, Ladislav _4bkd |
|
| 700 | 1 |
_aDugas, Dionýz _4bkd |
|
| 700 | 1 |
_aHalaša, Ján _4bkd |
|
| 700 | 1 |
_aJiroušek, Alexander _4bkd |
|
| 700 | 1 |
_aMarton, Štefan _4bkd |
|
| 700 | 1 |
_aPisoň, Štefan _4bkd |
|
| 700 | 1 |
_aRozman, Ladislav _4bkd |
|
| 700 | 1 |
_aSekal, Jan _4bkd |
|
| 700 | 1 |
_aŠlachta, František _4bkd |
|
| 700 | 1 |
_aVasiliak, Eugen _4bkd |
|
| 700 | 1 |
_aHajduch, Ján _4bkd |
|
| 700 | 1 |
_aHajduch, Peter _4bkd |
|
| 958 | _aA | ||
| 999 |
_c14885 _d14885 |
||